000 01234cam a22003377a 4500
003 CHAP
005 20220329143011.0
008 050613d1997 us r 00110 eng d
010 _a90475
011 _a91447
020 _a0891185429
035 _a102006
040 _cCHAP
082 0 4 _a633.2
_bR63
100 0 0 _aRouquette, F. M. Jr.
_eed.
_9100313
245 1 0 _aEcology, production, and management of Lolium for forage in the USA :
_bproceeding
_c/ed. by F. M. Rouquette, Jr. and L. R. Nelson
260 _aMadison, Wisconsin :
_bCrop Science Society of America,
_c1997.
300 _a138 p. :
_bgráfs.
590 _aBATCH-UPD
_b10
_c20130110
_lUCH01
_h0524
590 _aBATCH-UPD
_b10
_c20130410
_lUCH01
_h0203
590 _aBATCH-UPD
_b10
_c20130914
_lUCH01
_h1730
590 _aCONVERSION
_b10
_c20130109
_lUCH01
_h1350
650 1 4 _aLólium.
_967615
650 1 4 _aPastos forrajeros.
_986094
700 0 _aNelson, L. R.
_eed.
_980788
711 0 _aSymposium Sponsored by Divisions C-3, C-4, and C-6 of The Crop Science Society of America
_d(1995 : St. Louis, Missouri)
_9111141
901 _aBK
905 _aLilia
942 _cLIBRO
949 _a633.2 R63
_bBC
_cLIBRO
_d33724000957908
_eLIBRO
_gI.c/e
_h106096
_i102006
_sb
_t$322.00
999 _c90475
_d90475